Corridos y poemas del ejército defensor de la soberanía nacional de Nicaragua /
Gardado en:
| Outros autores: | |
|---|---|
| Formato: | Desconocido |
| Publicado: |
Managua, Nicaragua :
Imprenta Nacional,
1980.
|
| Materias: | |
| Etiquetas: |
Engadir etiqueta
Sen Etiquetas, Sexa o primeiro en etiquetar este rexistro!
|
MARC
| LEADER | 000000000a22000000004500 | ||
|---|---|---|---|
| 001 | 008471 | ||
| 082 | 0 | 4 | |a N861.08 |b C825c |
| 700 | 1 | |a Arellano, Jorge Eduardo, |e recopilación | |
| 245 | 0 | 0 | |a Corridos y poemas del ejército defensor de la soberanía nacional de Nicaragua / |c Jorge Eduardo Arellano, recopilación. |
| 260 | 1 | |a Managua, Nicaragua : |b Imprenta Nacional, |c 1980. | |
| 300 | |a 39 páginas | ||
| 650 | 4 | |a LITERATURA NICARAGUENSE | |
| 650 | 4 | |a POESIA | |
| 650 | 4 | |a COLECCIONES | |
| 650 | 4 | |a POESIA GUERRERA | |
| 650 | 4 | |a SIGLO XIX | |
| 650 | 4 | |a COLECCIONES | |
| 650 | 4 | |a POESIA GUERRERA | |
| 999 | |c 14039 |d 14039 | ||
| 942 | |c BK |h N861.08 C825c |2 z | ||
